Administration of workmen's compensation /

Bibliographic Details
Main Author: Dodd, Walter Fairleigh, 1880-1960
Corporate Author: Commonwealth Fund. Legal Research Committee
Format: Book
Language:English
Published: New York : London : The Commonwealth fund; H. Milford, Oxford University Press, 1936.
Subjects:

MARC

Tag First Indicator Second Indicator Subfields
LEADER 00000cam a2200000 4500
001 in00000073186
005 20151008052506.0
008 720511s1936 nyu 00000 eng u
010 |a  36014282  
035 |a (OCoLC)00306378 
035 |9 AAH3578AM 
040 |c YNG  |d TXA  |d UtOrBLW 
049 |a TXAM  |c [170026] 
050 0 |a HD7816.U6  |b D6 
092 |a 331.825  |b D639a 
100 1 |a Dodd, Walter Fairleigh,  |d 1880-1960. 
245 1 0 |a Administration of workmen's compensation /  |c by Walter F. Dodd. 
264 1 |a New York :  |b The Commonwealth fund;  |a London :  |b H. Milford, Oxford University Press,  |c 1936. 
300 |a xviii, 845 pages 
336 |a text  |b txt  |2 rdacontent 
337 |a unmediated  |b n  |2 rdamedia 
338 |a volume  |b nc  |2 rdacarrier 
500 |a This study has been conducted under the auspices of the legal research committee of the commonwealth fund. cf. Foreword. 
650 0 |a Workers' compensation  |z United States. 
710 2 |a Commonwealth Fund.  |b Legal Research Committee. 
999 |a MARS 
999 f f |s 0b5db014-4da2-32e7-97fc-f3bbdafc4070  |i 81b28c3b-6daf-39aa-b21d-c11b79d32c28  |t 0 
952 f f |p ric  |a Texas A&M University  |b Rellis Campus  |c Joint Library Facility  |d Remote Storage  |t 0  |e HD7816.U6 D6  |h Library of Congress classification  |i unmediated -- volume  |m A14800722065 
998 f f |a HD7816.U6 D6  |t 0  |l Remote Storage